| 000 | 00461cam a22001814a 4500 | ||
|---|---|---|---|
| 005 | 20250605163539.0 | ||
| 008 | 250528s ||||||||||||||||||||||||d | ||
| 035 | _a21516 | ||
| 040 |
_aGR-AtMCL _bgre _dGR-AtMCL _eAACR2 |
||
| 245 | 1 | _aΑΣΚΗΣΕΙΣ ΣΤΑΤΙΣΤΙΚΗΣ | |
| 250 | _a1 | ||
| 260 |
_bΖυγός, _c1996 |
||
| 300 | _a360 | ||
| 700 | 1 | _aΖαχαροπουλου Χρυσουλα | |
| 942 | _cBK | ||
| 999 |
_c6578 _d6578 |
||